000
00439nam a2200145Ia 4500
008
100122s9999 xx 000 0 und d
082
_b
68912
_a
791.83
100
_a
ठाकूर दिलीप
245
_a
करंट बुकिंग
260
_b
संवेदना प्रकाशन
_c
2005
300
_a
168
630
_a
करंट बुकिंग
730
_a
करंट बुकिंग
942
_c
BOOK
999
_c
440415
_d
440412